| 000 | 00380nam a2200121 4500 | ||
|---|---|---|---|
| 008 | 180209b xxu||||| |||| 00| 0 eng d | ||
| 100 |
_926293 _aCayubit, Restituto A. |
||
| 245 |
_aNPA, military clash in Samar: _bsoldier killed/ _cRestituto A. Cayubit. |
||
| 260 |
_aPhilippines: _bThe Philippine Star, _cc2017. |
||
| 300 | _apage 17. | ||
| 650 | 0 |
_926294 _aTerrorism. |
|
| 942 |
_2ddc _cPER |
||
| 999 |
_c8516 _d8516 |
||